000 00396nam a22001697a 4500
005 20160630142203.0
008 160630b xxu||||| |||| 00| 0 eng d
020 _a81-85749-98-1
041 _aeng
082 _b14373
100 _aUpadhayay, A K
_93314
245 _aCivil Estimating & Costing
260 _bKatson
_c2012
300 _a460
650 _aDiploma Engineering
_9817
942 _cBK
999 _c4941
_d4939